Die 20 größten Städte Thüringens - Statistiken

Allgemein
  • Dieses Quiz wurde 182 mal gespielt
  • Das Durchschnittsergebnis liegt bei 13 aus 20
Antwortstatistiken
Einwohnerzahl Stadt % Korrekt
214.969 Erfurt
99%
111.191 Jena
98%
93.634 Gera
97%
65.620 Weimar
89%
42.408 Eisenach
85%
46.019 Gotha
83%
37.009 Suhl
79%
41.339 Nordhausen
74%
31.315 Altenburg
59%
39.127 Ilmenau
54%
29.224 Saalfeld (Saale)
54%
24.745 Meiningen
53%
36.110 Mühlhausen/Thüringen
52%
24.749 Rudolstadt
50%
23.072 Apolda
49%
28.124 Arnstadt
47%
23.507 Sonneberg
46%
20.397 Greiz
40%
21.317 Sondershausen
39%
23.014 Bad Salzungen
33%
Keine übereinstimmenden Quizze gefunden
Verteilung der Resultate
Anzahl Personen mit jedem Resultat
Perzentil nach korrekt beantworteten Fragen
Ihre Resultats-Entwicklung
Sie haben dieses Quiz noch nicht gespielt